Den'gi.

Základné funkcie peňazí, spôsob ich využitia v socialistickej spoločnosti. Úloha zlata v peňažnom systéme. Peniaze ako miera hodnoty. Charakteristika papierových peňazí. Zákony peňažného obehu. Podpora stavebníctvu a idea samofinancovania. Peňažná reforma a jej vplyv.

Gespeichert in:
Bibliographische Detailangaben
1. Verfasser: Ignatovskij, P.
Format: Buchkapitel
Sprache:Russisch
Schlagworte:
Tags: Tag hinzufügen
Keine Tags, Fügen Sie das erste Tag hinzu!

MARC

LEADER 00000naa a2200000 4500
001 r007059
005 20221130103001.5
041 0 |a rus 
044 |a [SU] 
245 1 0 |a Den'gi.  |c P. Ignatovskij 
520 |a Základné funkcie peňazí, spôsob ich využitia v socialistickej spoločnosti. Úloha zlata v peňažnom systéme. Peniaze ako miera hodnoty. Charakteristika papierových peňazí. Zákony peňažného obehu. Podpora stavebníctvu a idea samofinancovania. Peňažná reforma a jej vplyv. 
610 2 0 |a peniaze 
610 2 0 |a obeh peňažný 
610 2 0 |a reformy menové 
610 2 0 |a samofinancovanie 
610 2 0 |a zlato 
100 1 |a Ignatovskij, P.